Welcome to the Holygrace Academy Library

Please use search bar below to get started

KAIVRIYUDE THEKKE ATTOM (Record no. 5117)

MARC details
000 -LEADER
fixed length control field 00368nam a22001457a 4500
020 ## - INTERNATIONAL STANDARD BOOK NUMBER
ISBN 978-93-87-33-1174
082 ## - DEWEY DECIMAL CLASSIFICATION NUMBER
Classification number 894.812.3
100 ## - MAIN ENTRY--AUTHOR NAME
Personal name PADMARAJAN
245 ## - TITLE STATEMENT
Title KAIVRIYUDE THEKKE ATTOM
Remainder of title KALPPANIKATHAYUM BRAMATHMAKATHAYUM EZHA VHERUNNA KATHAKAL
260 ## - PUBLICATION, DISTRIBUTION, ETC. (IMPRINT)
Place of publication AYYANTHOLE
Name of publisher GREEN BOOKS
Year of publication 2017
300 ## - PHYSICAL DESCRIPTION
Number of Pages 112
520 ## - SUMMARY, ETC.
Summary, etc NOVEL
650 ## - SUBJECT ADDED ENTRY--TOPICAL TERM
Topical Term NOVEL
942 ## - ADDED ENTRY ELEMENTS (KOHA)
Koha item type Books
Holdings
Withdrawn status Lost status Collection code Home library Current library Shelving location Date acquired Source of acquisition Cost, normal purchase price Full call number Accession Number Koha item type
    Fiction Main Library Main Library SHELF-16- J- MALAYALAM NOVELS,FICTIONS 23/07/2019 Purchase 130.00 894.812.3 11475 Books